书目信息 |
| 题名: |
特殊钢丝新产品新技术
|
|
| 作者: | 徐效谦 著 | |
| 分册: | ||
| 出版信息: | 北京 冶金工业出版社 2016.11 |
|
| 页数: | 516页 | |
| 开本: | 26cm | |
| 丛书名: | ||
| 单 册: | ||
| 中图分类: | TG356.4 | |
| 科图分类: | ||
| 主题词: | 特殊钢--钢丝 | |
| 电子资源: | ||
| ISBN: | 978-7-5024-7268-9 | |
| 000 | 00991nam0 2200229 450 | |
| 001 | 3842 | |
| 005 | 20181008161200.70 | |
| 010 | @a978-7-5024-7268-9@dCNY138.00 | |
| 100 | @a20170215d2016 em y0chiy50 ea | |
| 101 | 0 | @achi |
| 102 | @aCN@b110000 | |
| 105 | @aa z 000yy | |
| 200 | 1 | @a特殊钢丝新产品新技术@9te shu gang si xin chan pin xin ji shu@f徐效谦著 |
| 210 | @a北京@c冶金工业出版社@d2016.11 | |
| 215 | @a516页@c图@d26cm | |
| 300 | @a本书由大连市人民政府资助出版 | |
| 330 | @a本书共分14章,主要内容包括:不锈钢中的沉淀硬化相;沉淀硬化不锈钢和超马氏体不锈钢;不锈弹簧钢丝;光伏产业用切割钢丝;高强度螺栓用非热处理钢和非调质钢:油淬火-回火钢丝产品介绍;油气井用不锈录井钢丝;高强度弹簧的延迟断裂:钢丝索氏体化工艺探讨;伸长率的种类、定义和换算:强对流气体保护退火炉;钢丝的热处理;拉拔基础知识;辊轮传输工作原理和应用实例。 | |
| 606 | 0 | @a特殊钢@x钢丝 |
| 690 | @aTG356.4@v5 | |
| 701 | 0 | @a徐效谦@9xu xiao qian@4著 |
| 801 | 0 | @aCN@b91MARC@c20170215 |
| 905 | @aMuseLib@dTG356.4@e19 | |
| 特殊钢丝新产品新技术/徐效谦著.-北京:冶金工业出版社,2016.11 |
| 516页:图;26cm |
| 本书由大连市人民政府资助出版 |
| ISBN 978-7-5024-7268-9:CNY138.00 |
| 本书共分14章,主要内容包括:不锈钢中的沉淀硬化相;沉淀硬化不锈钢和超马氏体不锈钢;不锈弹簧钢丝;光伏产业用切割钢丝;高强度螺栓用非热处理钢和非调质钢:油淬火-回火钢丝产品介绍;油气井用不锈录井钢丝;高强度弹簧的延迟断裂:钢丝索氏体化工艺探讨;伸长率的种类、定义和换算:强对流气体保护退火炉;钢丝的热处理;拉拔基础知识;辊轮传输工作原理和应用实例。 |
| ● |
| 相关链接 |
|
|
|
|
正题名:特殊钢丝新产品新技术
索取号:TG356.4/19
 
预约/预借
| 序号 | 登录号 | 条形码 | 馆藏地/架位号 | 状态 | 备注 |
| 1 | 1123916 | 211239168 | 第二样本阅览室/ [索取号:TG356.4/19] | 在馆 | |
| 2 | 1123917 | 211239177 | 第三借阅区/ [索取号:TG356.4/19] | 在馆 | |
| 3 | 1123918 | 211239186 | 化学系资料室/ [索取号:TG356.4/19] | 在馆 |